La Concepción integral de trabajo y necesidad en la organización y participación popular /
Guardado en:
| Autor principal: | |
|---|---|
| Otros Autores: | |
| Formato: | Texto |
| Publicado: |
San José :
|
| Etiquetas: |
Agregar Etiqueta
Sin Etiquetas, Sea el primero en etiquetar este registro!
|
MARC
| LEADER | 00000 a a2200000 04500 | ||
|---|---|---|---|
| 001 | 14185 | ||
| 003 | |||
| 040 | |||
| 090 | |a 020700 | ||
| 100 | |a Smith Wiltshire, David A | ||
| 245 | |a La Concepción integral de trabajo y necesidad en la organización y participación popular / |c David A Smith Wiltshire | ||
| 260 | |a San José : | ||
| 300 | |a 23 p | ||
| 700 | |a Zúñiga Múñoz, Xinia | ||
| 999 | |c 2324 |d 2324 | ||
